| 000 | 01738nam a22002055i 4500 | ||
|---|---|---|---|
| 001 | 163833 | ||
| 003 | ES-MaACL | ||
| 005 | 20251012063058.0 | ||
| 008 | 950206s1887 sp |||| | spa d | ||
| 040 | _aCLM | ||
| 100 | 1 |
_aRodríguez-Solís, Enrique, _d1844-1925 _9143714 |
|
| 245 | 1 | 4 |
_aLos guerrilleros de 1808 _b: historia popular de la guerra de la independencia / _cE. Rodríguez-Solis. |
| 260 |
_aMadrid : _b[s.n.], _c1887 ( _fImp. de Fernando Cao y Domingo de Val) |
||
| 300 |
_a2 v. : _bil. ; _c26 cm. |
||
| 505 | 8 | _at. 1. Historia popular de la guerra de la independencia Cuaderno 1": El primer guerrillero.- 56 p. Cuaderno 2": Patria y Libertad.- 48 p. Cuaderno 3": Los invencibles.- 48 p. Cuaderno 4": Napoleón en España.- 47 p. Cuaderno 5": Zaragoza.- 47 p. Cuaderno 6": La campaña de Talavera.- 48 p. Cuaderno 7": Heroismo contra barbarie.- 48 p. Cuaderno 8": España por las guerrillas.- 47 p. Cuaderno 9": La invasión de las Andalucias.- 47 p. Cuaderno 10": Nuevos campeones.- 47 p. Cuaderno 11": Las Cortes de Cádiz.- 46 p. t. 2 Cuaderno 1": La albueza.- 47 p. Cuaderno 2": El empecinado.- 48 p. Cuaderno 3": Francisco Espoz y Mina.- 48 p. Cuaderno 4": La Isla Gaditana.- 47 p. Cuaderno 5": El mártir Romeau.- 48 p. Cuaderno 6": La Constitución de 1812.- 48 p. Cuaderno 7": îGuerra a muerte!.- 48 p. Cuaderno 8": La batalla de Vitoria.- 48 p. Cuaderno 9": Los españoles en Francia.- 47 p. Cuaderno 10": La caída de Napoleón.- 48 p. Cuaderno 11": El ocaso de la libertad.- 47 p. | |
| 651 | 4 |
_aEspaña- _xHistoria- _y1808-1814, Guerra de la Independencia _98244 |
|
| 852 |
_aES-MaACL _jC-435-36 _z-- Enc. ed. en tela |
||
| 852 |
_aES-MaACL _jC-2303-04 _z-- Enc. ed. en tela |
||
| 999 |
_c163833 _d163833 |
||